Le Rhône en images - Statistiques

Statistiques générales
  • Ce quiz a été pris 206 fois
  • Le résultat moyen est 11 sur 18
Statistiques - réponses
Par images Hint Réponse % Correct
Club sportif (football) Olympique Lyonnais (OL)
97%
Événement / Fête Fête des {lumières}
94%
Ville de banlieue Villeurbanne
92%
Monument Basilique Notre-Dame de Fourvière
86%
Parc urbain Parc de la Tête d'Or
84%
Place Place bellecour
84%
Aviateur Antoine de Saint-Éxupéry
81%
Club sportif (rugby) LOU
73%
Vignoble Vignoble du {Beaujolais}
62%
Cinéaste Alexandre Astier
61%
Événement historique Révoltes des {canuts}
55%
Sous-préfecture Villefranche-sur-Saône
53%
Collectivité à statut particulier Métropole de Lyon
49%
Département historique Rhône-et-Loire
28%
Festival Nuits-Sonores
22%
Type de roches Pierres dorées
16%
Village médiéval Oingt
12%
Médecin Claude Bernard
10%
Aucun quiz correspondant
Distribution des résultats
% des personnes avec chaque résultat
Percentile par nombre de réponses
Votre historique - résultats
Vous n’avez pas pris ce quiz